| 000 | 00757nam a2200217Ia 4500 | ||
|---|---|---|---|
| 005 | 20250108125159.0 | ||
| 008 | 008 250107s9999 xx 000 0 hin d | ||
| 037 | _aTB | ||
| 040 |
_aCRL _bhin _cCRL |
||
| 041 |
_ahin _2hin |
||
| 084 | _aNW Q7 | ||
| 084 | _qCRL | ||
| 100 | _aमहात्मा गॉंधी, ले. | ||
| 245 | 0 |
_aगीता माता _cमहात्मा गॉंधी, ले. |
|
| 260 |
_aनई दिल्ली, भारत _bसस्ता साहित्य मण्डल प्रकाशन _c3562 |
||
| 300 | _a336पृ0 | ||
| 365 |
_a£ _b150 |
||
| 650 |
_aभगवत् गीतादर्शनशास्त्र _9730530 |
||
| 942 |
_cTB _hNW Q7 |
||
| 999 |
_c1235950 _d1235950 |
||